Science Quiz

Random Science or Animal Quiz

The Call of the Wild Quiz Stats

 Plays Quiz Updated Oct 19, 2017

Challenge
Share
Tweet
Score 0/25 Timer 08:00
0 Plays Today
Range Animal % Correct
0:00-0:08Dog (Canis lupus familiaris)
98.5%
0:09-0:15Lion (Panthera leo)
90.7%
0:42-0:48Wolf (Canis lupus)
80.8%
1:00-1:06Cow (Bos primigenius)
79.6%
1:57-2:02Frog (Anura)
72.7%
2:14-2:19Horse (Equus ferus caballus)
72.6%
2:30-2:39Pig (Sus domestica)
70.1%
1:15-1:23Goat (Capra aegagrus hircus)
70.1%
3:16-3:25Elephant (Elephantidae)
69.9%
3:57-4:05Cat (Felis catus)
69.4%
1:35-1:45Cricket (Gryllidae)
66.1%
2:54-3:04Monkey (Cercopithecoid or Platyrrhine)
57.8%
3:50-3:56Snake (Crotalus)
50.5%
Range Animal % Correct
3:38-3:49Sea Lion (Pinnidpedia otariidae)
44.5%
2:03-2:13Hyena (Hyaenidae)
43.8%
0:16-0:25Dolphin (Delphinidae)
37.4%
0:49-0:59Bear (Ursidae)
37.2%
0:26-0:41Hippopotamus (Hippopotamus amphibius)
30.9%
3:26-3:37Gorilla (Gorillini gorilla)
28.2%
2:20-2:29Zebra (Equus zebra)
24.8%
2:40-2:53Penguin (Sphenisciformes)
14.7%
3:05-3:15Bison (Bison bison)
12.4%
1:46-1:56Alligator (Alligatoridae)
9.8%
1:07-1:14Camel (Camelus)
9.1%
1:24-1:34Prairie Dog (Cynomys)
5.6%

You're not logged in!

Compare scores with friends on all Sporcle quizzes.
OR
Log In

You Might Also Like...

Show Comments

Extras

Top Quizzes Today


Score Distribution

Your Account Isn't Verified!

In order to create a playlist on Sporcle, you need to verify the email address you used during registration. Go to your Sporcle Settings to finish the process.

Report this User

Report this user for behavior that violates our Community Guidelines.

Details: